000 00331nam a22001337a 4500
008 180226b xxu||||| |||| 00| 0 eng d
020 _a9780397511594
041 _aeng
080 _a617
100 _a6
101 _aANE
245 _aNueral Blockade in Clinical Anesthesia and Management of Pain
_cCousin, M.J
942 _2udc
_cBK
999 _c43500
_d43500